00838nam a2200217 a 4500008004100000020001500041050001300056100001800069245003700087246004500124260004900169300001700218350000900235500019500244650001500439650003700454650004000491650003100531700002000562710003800582120416s1995 ||||||||||||||||| || u a9280808850 aK 40 Kra aKrause, Keith10aState, society and the UN system achanging perspectives on multilateralism aTokyobUnited Nations University Pressc1995 aviii, 267 p. a0.00 a'UNUP-885'--Verso t.p. -Chapters originally appeared as papers given at the conference Changing State/Society Perspectives on the United Nations System. -Includes bibliographical references. aGOVERNMENT aWORLD POLITICS--1989--CONGRESSES aINTERNATIONAL RELATIONS--CONGRESSES aUnited Nations--Congresses aKnight, W. Andy aUnited Nations Organisation (UNO)